| 000 | 01094nam a2200313Ia 4500 | ||
|---|---|---|---|
| 005 | 20220317001746.0 | ||
| 008 | 170328s2015 c a g 000 j s | ||
| 020 | _a9789588845319 | ||
| 041 | _aspa | ||
| 100 | 1 | _aBertrand, Sara | |
| 245 | 1 | 0 |
_aCuando los peces se fueron volando _cSara Bertrand ; ilustraciones Francisco Javier Olea |
| 250 | _a1a. edición | ||
| 300 |
_a[22] páginas _bilustraciones a color _c21 cm |
||
| 500 | _aIncluye datos biográficos del autor e ilustrador | ||
| 521 | _aRecomendado desde los 6 años | ||
| 650 | 1 | 4 |
_2LEMB _aCuentos infantiles chilenos |
| 650 | 1 | 4 |
_2LEMB _aLiteratura infantil chilena |
| 650 | 1 | 4 |
_2LEMB _aAusencia en la literatura |
| 650 | 1 | 4 |
_2LEMB _aFamilia en la literatura |
| 650 | 1 | 4 |
_2LEMB _aNostalgia en la literatura |
| 700 | 1 |
_a Olea, Francisco Javier _d1972- _eilustrador _990132 |
|
| 942 |
_2loc _cBKINF |
||
| 264 |
_aMedellín _bTragaluz _c2015 |
||
| 336 |
_atexto _btxt _2rdacontent |
||
| 337 |
_asin mediación _bn _2rdamedia |
||
| 338 |
_avolumen _bnc _2rdacarrier |
||
| 040 |
_aCO-BoRNBP _bspa _erda _cCO-BoRNBP |
||
| 084 | _aC BER34 | ||
| 999 |
_c7990 _d7990 |
||